000 00433nam a22001697a 4500
005 20251108172655.0
008 250721s2002 xx 000 0 ara d
082 1 4 _a226.5/بان
100 1 _aالباني، محمد
_eمؤلف
245 1 0 _aالحج والعمرة /
264 1 _aدمشق :
_bالأوائل،
_c2002.
300 _a82ص
650 1 7 _aالحج
650 1 7 _aالعمرة
942 _2ddc
_cBK
999 _c85579
_d85579